000 00954naa a22002777a 4500
001 BR8905195
003 BR-BrBNA
005 20240918180537.0
007 ta
008 230509b bl.||||| |||| 00| 0 por d
040 _aBR-BrBNA
_bpor
_cBiblioteca Nacional de Agricultura
041 _a(Pt)
072 _aF61
_b3750
090 _aF61 BR8905195
100 1 _aMalavolta, E.
100 1 _aBoaretto, A.E.
100 1 _aPaulino, V.T.
245 1 _aMicronutrientes: Uma visao geral
260 3 _aJaboticabal, SP (Brasil):
_c1988.
500 _aSimposio sobre Micronutrientes na Agricultura. Vol. 1. Versao preliminar Jaboticabal, SP (Brasil): 1988. p. 1-73 (BR8905195-AM)F61
650 _aMICROELEMENTO
650 _aNUTRICAO VEGETAL
773 0 _tSimposio sobre Micronutrientes na Agricultura. Vol. 1. Versao preliminar
_wF61 BR8905195
_gJaboticabal, SP (Brasil), 1988. p. 1-73
909 _a202404
_bLucia
_c55
_dLucia Elande
942 _cAM
_2AGRIS
999 _c320974
_d320974